Methods of Engineering Mathematics

Αποθηκεύτηκε σε:
Λεπτομέρειες βιβλιογραφικής εγγραφής
Κύριος συγγραφέας: Haug, Edward J.
Άλλοι συγγραφείς: Choi, Kyung K.
Μορφή: Βιβλίο
Γλώσσα:English
Δημοσίευση: Englewood Cliffs, N.J. : Prentice Hall, c1993
Θέματα:
Ετικέτες: Προσθήκη ετικέτας
Δεν υπάρχουν, Καταχωρήστε ετικέτα πρώτοι!

MARC

LEADER 00000nam a2200000 i 4500
001 1/38499
008 950125s1993 eng d
020 |a 0-13-579061-1 
035 |a 1995  |c ΠΑΠΑΔΟΠΟΥΛΟΣ  |l 10040780 
040 |a GR-MY-UA  |b gre  |e aacr 
041 0 |a eng 
082 0 |a 620.001515 
100 1 |a Haug, Edward J. 
245 1 0 |a Methods of Engineering Mathematics /  |c Edward Haug and Kyung K. Choi 
260 |a Englewood Cliffs, N.J. :   |b Prentice Hall,   |c c1993 
300 |a xx, 585 p.;  |b ill.;  |c 25 cm. 
500 |a Includes bibliographical references and index 
650 0 0 |a Engineering mathematics. 
700 1 |a Choi, Kyung K. 
852 |a INST  |b SAMOS  |e 19950125  |h 620.001515 HAU  |p 005300006234  |q 005300006234  |t BK  |y 0 
909 |a Σ  |b 035587